Statistics for Domino's UK Menu

Click here to take the quiz!

General Stats

  • This quiz has been taken 45 times
  • The average score is 33 of 116

Answer Stats

HintAnswer% Correct
Dip | SauceBBQ
85%
ToppingPepperoni
85%
SauceTomato
82%
ToppingBacon
79%
CrustStuffed
79%
ToppingChicken
76%
ToppingHam
73%
ToppingOnions
64%
ToppingPeppers
61%
ToppingSausage
61%
CrustClassic
58%
Pizza | WrapTexas BBQ
58%
DessertCookies
55%
SidePotato wedges
55%
ToppingBeef
52%
DipGarlic and herb
52%
ToppingMushrooms
52%
ToppingOlives
52%
ToppingSweetcorn
52%
ToppingMozzarella
48%
WrapPepperoni Passion
48%
PizzaPepperoni passion
48%
ToppingPineapple
48%
SideChicken strippers
45%
SideChicken kickers
42%
SideChicken wings
42%
DessertIce cream
42%
ToppingMeatballs
42%
PizzaMighty meaty
42%
CrustThin and crispy
39%
SideGarlic pizza bread
36%
ToppingHotdog
36%
ToppingTomatoes
36%
ToppingTuna
36%
Pizza | WrapVeggie supreme
36%
PizzaAmerican hot
33%
CrustGluten free
33%
Pizza | ToppingTandoori chicken
33%
PizzaCheese and tomato
30%
PizzaHam and pineapple
30%
PizzaHawaiian
30%
PizzaMeteor
30%
ToppingAnchovies
27%
PizzaChicken feast
27%
PizzaThe cheeseburger
27%
PizzaThe meatfielder
27%
ToppingGherkins
24%
DipHoney mustard
24%
CrustItalian style
24%
ToppingJalepeno
24%
PizzaTandoori hot
24%
WrapTandoori Hot
24%
ToppingBurger sauce
21%
ToppingFrank's hot sauce
21%
DipFranks hot sauce
21%
ToppingGarlic spread
21%
ToppingHerbs
21%
PizzaHot and spicy
21%
PizzaMeatilicious
21%
ToppingMustard
21%
PizzaNew yorker
21%
ToppingSpinach
21%
PizzaTuna supreme
21%
PizzaMeat lovers
18%
SideNachos
18%
PizzaThe sizzler
18%
PizzaVeggie volcano
18%
SideColeslaw
15%
PizzaDeluxe
15%
ToppingMayo
15%
PizzaRanch BBQ
15%
DipSweet chilli
15%
PizzaVeg a roma
15%
SideBBQ chicken wings
12%
PizzaFarmhouse
12%
PizzaMexican hot
12%
PizzaBuffalo chicken
9%
ToppingCatalan chicken
9%
PizzaFiery veggie sizzler
9%
PizzaFull house
9%
PizzaGluten free cheese and tomato
9%
PizzaGluten free new yorker
9%
PizzaGluten free pepperoni passion
9%
PizzaGluten free texas BBQ
9%
PizzaGluten free veggie supreme
9%
SideHot wings
9%
ToppingSour cream
9%
SauceSundried tomato
9%
PizzaVeggie classic
9%
PizzaAmericano
6%
PizzaCatalan chicken and chorizo
6%
Pizza | WrapChicken and bacon
6%
ToppingChillies
6%
ToppingChilli flakes
6%
DessertCinni dippers
6%
DessertLotta chocca pizza
6%
WrapMeatball feast
6%
PizzaMixed grill
6%
PizzaNew york hotdog
6%
SauceOil
6%
SidePopn chicken
6%
PizzaTandoori sizzler
6%
DipTangy salsa
6%
SideTwisted dough balls- cheese
6%
SideTwisted dough balls- ham
6%
SideTwisted dough balls- pepperoni
6%
PizzaVeggie sizzler
6%
PizzaBacon double cheese
3%
PizzaFour vegi
3%
SideGarlic dippers
3%
ToppingSundried tomatoes
3%

Score Distribution

Percentile by Number Answered

Percent of People with Each Score

Your Score History

You have not taken this quiz